000
00227nmm a2200097Ia 4500
008
220120s9999||||xx |||||||||||||||||und||
082
_a
621.392 PAL
100
_a
Palinitkar, Samir
_9
2104
245
0
_a
Verilog HDL
260
_c
2002
999
_c
138599
_d
138599